| 000 | 00978nam a22002897a 4500 | ||
|---|---|---|---|
| 003 | CHAP | ||
| 005 | 20220329134313.0 | ||
| 008 | 971013s1977 r 00010 d | ||
| 010 | _a18440 | ||
| 011 | _a19412 | ||
| 035 | _a23497 | ||
| 040 | _cCHAP | ||
| 090 | _aFolleto 9334 | ||
| 110 |
_aCentro Agronómico Tropical de Investigación y Enseñanza. Turrialba, C.R. _921046 |
||
| 245 | _aAspectos administrativos del proyecto de sistemas de producción agrícola para pequeños agricultores | ||
| 260 |
_aTurrialba, C.R. : _bEl centro, _c1977 |
||
| 300 | _a37 p. | ||
| 590 |
_aBATCH-UPD _b10 _c20130110 _lUCH01 _h2016 |
||
| 590 |
_aBATCH-UPD _b10 _c20130410 _lUCH01 _h1335 |
||
| 590 |
_aBATCH-UPD _b10 _c20140805 _lUCH01 _h1143 |
||
| 590 |
_aCONVERSION _b10 _c20130109 _lUCH01 _h1311 |
||
| 650 | 1 | 4 |
_aAgricultura _xInvestigación. _91577 |
| 650 | 1 | 4 |
_aEmpresas agropecuarias. _936649 |
| 901 | _aBK | ||
| 942 | _cFOLL | ||
| 949 |
_aFolleto 9334 _bBC _cFOLL _d-54664 _eTS1 _i23497 _mD _si |
||
| 999 |
_c18440 _d18440 |
||